| 000 | 00978nas a2200313 4500 | ||
|---|---|---|---|
| 001 | BR0502369 | ||
| 003 | BR-BrBNA | ||
| 005 | 20231205105340.0 | ||
| 007 | ta | ||
| 008 | 230509b bl.|||p| |||| 00| 00por d | ||
| 040 |
_aBR-BrBNA _bpor _cBiblioteca Nacional de Agricultura |
||
| 041 | _a(Pt) | ||
| 072 | _aQ02; J11; Q04 | ||
| 100 | 1 | _aPrado, M.E.T. | |
| 100 | 1 | _aChitarra, A.B. | |
| 100 | 1 | _aBonnas, D.S. | |
| 100 | 1 | _aPinheiro, A.C.M. | |
| 245 | 1 | _aTransformações bioquímicas de abacaxi minimamente processado armazenado sob atmosfera modificada | |
| 650 | _aABACAXI | ||
| 650 | _aTECNOLOGIA DE ALIMENTO | ||
| 650 | _aARMAZENAMENTO DE ALIMENTO | ||
| 650 | _aCROMATOGRAFIA GASOSA | ||
| 650 | _aVIDA-DE-PRATELEIRA | ||
| 650 | _aQUALIDADE | ||
| 650 | _aMINAS GERAIS | ||
| 773 | 0 |
_tRevista Brasileira de Fruticultura (Brazil) _xISSN 0100-2945 _g(Dec 2004), v. 26(3) p. 428-432 _wBR0502369 |
|
| 909 |
_a202311 _bLúcia _c55 _dLúcia Elande |
||
| 942 |
_2AGRIS _n0 _cANA |
||
| 999 |
_c182496 _d182496 |
||